000 00310 a2200145 4500
001 192472
020 _a978-85-260-1703-0
040 _cMagnum
100 _aBandeira, Manuel
240 1 0 _aEstrela da manhã
_lpor
245 1 0 _aEstrela da manhã
300 _a92
697 _aLITERATURA GERAL
942 _cBK
999 _c192472
_d192472